000 01033nam a2200313Ia 4500
003 OSt
005 20221006151420.0
006 a|||||r|||| 00| 0
007 ta
008 221006b |||||||| |||| 00| 0 eng d
020 _a9780691116266
_c
_42.00
024 _a22,013
037 _bGift, Korea Fountation
_cTextual
040 _aEASL
_cEASL
_beng
041 _2eng
_aeng
082 _aV495:1973.N9, P2
100 _aHARRISON Selig S.
245 0 _aKorean endgame
_b A strategy for reunification and U.S disengagement
260 _aPrinceton
_bPrinceton University Press
_c2002
300 _a417p.
_ccm.
490 _v KEL
650 _a East Asia - Strategic aspects
_9659129
650 _a KEL
650 _a Korean reunification question
_9659130
650 _a United States - Military relations - Korea
_9659131
650 _aUnited States - Foreign relations - Korea
_9653847
942 _hV495:1973.N9, P2
_cTEXL
_2CC
999 _c1090099
_d1090099